000 00397nam a22001817a 4500
003 MPLRDC
005 20220104142924.0
008 210129b ||||| |||| 00| 0 eng d
082 _a177 FY
100 _a方圆编著
245 _a探究心
_c
250 _a初版
260 _a
_b国家出版社
_c1982
300 _b
490 _a书的世界;42
650 _a
942 _cBK
_o177 FY
999 _c34906
_d34896